| 000 | 00678nam a2200181Ia 4500 | ||
|---|---|---|---|
| 003 | GCL | ||
| 008 | 140319s9999 xx 000 0 ara d | ||
| 040 |
_aGCL / _cGCL |
||
| 082 | 0 | 4 |
_a811.9 _bص ص |
| 100 | 1 | _aصقر القاسمى | |
| 245 | 1 | 0 |
_aصحوة المارد : الاعمال الشعرية الكاملة : الجزء الاول وطنيات / _cصقر القاسمى |
| 300 | _a337 ص | ||
| 490 |
_aالاعمال الشعرية الكاملة _v0 |
||
| 650 | 0 | 4 | _aالشعر العربى - دواوين وقصائد |
| 650 | 0 | 4 | _aالشعر العربى - العصر الحديث |
| 650 | 0 | 4 | _aالادب العربى - العصر الحديث |
| 942 |
_2ddc _cBK |
||
| 999 |
_c46080 _d46080 |
||